[Event "Dundee & Angus Minor"]
[Site "Dundee"]
[Date "2016.10.07"]
[Round "1"]
[White "Sibbald, Connor"]
[Black "Walker, William"]
[Result "1-0"]
[WhiteElo "1202"]
[BlackElo "787"]
[PlyCount "75"]
[EventDate "2016.10.07"]
[EventType "swiss"]
[EventRounds "5"]
[EventCountry "SCO"]
[SourceTitle "EXT 2023"]
[Source "ChessBase"]
[SourceDate "2022.10.05"]
[SourceVersion "1"]
[SourceVersionDate "2022.10.05"]
[SourceQuality "1"]

1. d4 d5 2. c4 Nf6 3. Nc3 e5 4. Bg5 Be7 5. e3 0-0 6. Nf3 Nc6 7. Bd3 b6 8. 0-0 Nb4 9. Be2 Bb7 10. a3 Nc6 11. Rc1 a6 12. Qc2 Re8 13. Bd3 g6 14. Ne2 Na5 15. Bxf6 Bxf6 16. cxd5 Bxd5 17. e4 Bb7 18. Qxc7 Qxc7 19. Rxc7 Rec8 20. Rfc1 Bd8 21. R7c3 Rxc3 22. Rxc3 b5 23. Nxe5 Be7 24. b4 f6 25. bxa5 fxe5 26. Rc7 Bxa3 27. Rxb7 Rc8 28. dxe5 Bc1 29. Nxc1 Rxc1+ 30. Bf1 Rc5 31. Rb6 Rxe5 32. f3 Kg7 33. Rxa6 b4 34. Ra7+ Kh6 35. a6 b3 36. Rb7 Ra5 37. Rxb3 Kg5 38. Rb5+ 1-0